[Event "Team G15 chess final 2018"]
[Site "Sochi"]
[Date "2018.05.02"]
[Round "2.2"]
[White "Patokova, Viktoriya"]
[Black "Romanenkova, Ekaterina"]
[Result "1-0"]
[WhiteElo "1495"]
[BlackElo "1124"]
[PlyCount "89"]
[EventDate "2018.05.01"]

1. e4 e5 2. Nf3 Nc6 3. Bb5 d6 4. d4 a6 5. Bxc6+ bxc6 6. dxe5 Bg4 7. exd6 cxd6
8. O-O Nf6 9. Re1 Be7 10. Nc3 O-O 11. Bf4 d5 12. exd5 cxd5 13. Qd3 Bb4 14. Ne5
Re8 15. Nxg4 Rxe1+ 16. Rxe1 Nxg4 17. a3 Bxc3 18. Qxc3 Rc8 19. Qd3 Qb6 20. Qe2
Nf6 21. Be5 Re8 22. h3 Nd7 23. Qg4 Nf6 24. Qg3 g6 25. Rd1 Ne4 26. Qf4 Rxe5 27.
Qxe5 Qxf2+ 28. Kh2 Nd2 29. Qxd5 Nf1+ 30. Rxf1 Qxf1 31. Qd8+ Kg7 32. Qd4+ Kg8
33. c4 Qc1 34. c5 f5 35. Qd8+ Kg7 36. Qc7+ Kh6 37. c6 Qxb2 38. Qf4+ Kg7 39. c7
Qb7 40. Qd4+ Kh6 41. Qd8 Qe4 42. Qd6 f4 43. c8=Q Qe3 44. Qcf8+ Kh5 45. Qd5+ 1-0

[Event "Team G15 chess final 2018"]
[Site "Sochi"]
[Date "2018.05.02"]
[Round "2.3"]
[White "Potatueva, Violetta"]
[Black "Sautina, Elizaveta"]
[Result "1-0"]
[WhiteElo "1140"]
[BlackElo "1137"]
[PlyCount "85"]
[EventDate "2018.05.01"]

1. d4 f5 2. Nf3 Nf6 3. e3 e6 4. Bd3 d5 5. O-O Bd6 6. b3 O-O 7. Bb2 Ne4 8. Nbd2
Nd7 9. Ne5 c6 10. c4 Qf6 11. f4 g5 12. Rf3 g4 13. Rf1 Qh6 14. Rc1 Ndf6 15. c5
Bc7 16. Nxe4 dxe4 17. Bc4 Nd5 18. Qe1 Bxe5 19. dxe5 Bd7 20. Rd1 Be8 21. Bxd5
exd5 22. Qb4 Qg7 23. Qe1 Qe7 24. b4 Bh5 25. Rc1 Kf7 26. a4 Rg8 27. b5 Rac8 28.
Ba3 Ke8 29. Rb1 Qg7 30. Qa5 Ra8 31. bxc6 bxc6 32. Qa6 g3 33. Qxc6+ Kf8 34.
Qxa8+ Be8 35. c6+ Kf7 36. Qxa7+ Bd7 37. Qxd7+ Kg6 38. Qxg7+ Rxg7 39. Rb7 gxh2+
40. Kxh2 Kh6 41. Rxg7 Kxg7 42. c7 Kg6 43. c8=Q 1-0

[Event "Team G15 chess final 2018"]
[Site "Sochi"]
[Date "2018.05.02"]
[Round "2.1"]
[White "Mikheeva, Galina"]
[Black "Murzina, Agata"]
[Result "1-0"]
[WhiteElo "1744"]
[BlackElo "1765"]
[PlyCount "107"]
[EventDate "2018.05.01"]

1. e4 e6 2. d4 d5 3. e5 c5 4. c3 Nc6 5. Nf3 Qb6 6. a3 c4 7. Nbd2 Na5 8. h4 Bd7
9. g3 h6 10. h5 Ne7 11. Bh3 O-O-O 12. O-O Nf5 13. g4 Ne7 14. Nh4 Rg8 15. Qf3
Be8 16. Ng2 g6 17. Re1 gxh5 18. gxh5 Bg7 19. Kh1 Kb8 20. Rg1 Nc8 21. Rb1 Qc7
22. Nf1 Qe7 23. Nf4 Ba4 24. Ne3 Nb3 25. Kh2 a6 26. Rg3 Na7 27. Qg2 Qf8 28. Bxe6
Qe7 29. Nf5 Qf8 30. Bxd5 Na5 31. Be4 Bh8 32. Rxg8 Qxg8 33. Qxg8 Rxg8 34. Nxh6
Rf8 35. Be3 N5c6 36. Rg1 Ne7 37. Nd5 Nac6 38. Nxe7 Nxe7 39. Bf4 Ka7 40. d5 Kb6
41. Be3+ Ka5 42. f4 b6 43. Rg2 Bd1 44. d6 Nc8 45. Rd2 Bxh5 46. d7 Ne7 47. d8=Q
Rxd8 48. Rxd8 Bg7 49. Nf5 Nxf5 50. Bxf5 b5 51. Bc2 Bf3 52. Rb8 Bb7 53. Rxb7
Bxe5 54. Bb6# 1-0

[Event "Team G15 chess final 2018"]
[Site "Sochi"]
[Date "2018.05.02"]
[Round "2.2"]
[White "Akulova, Taisiya"]
[Black "Bronnikova, Ekaterina"]
[Result "1-0"]
[WhiteElo "1719"]
[BlackElo "1348"]
[PlyCount "55"]
[EventDate "2018.05.01"]

1. e4 c5 2. Nf3 g6 3. c3 Bg7 4. d4 cxd4 5. cxd4 d6 6. Bc4 Nc6 7. d5 Ne5 8. Nxe5
Bxe5 9. Nc3 Bg7 10. Be3 Nf6 11. Qd2 O-O 12. Bh6 a6 13. f3 Re8 14. h4 Qb6 15.
Bb3 Nd7 16. h5 Ne5 17. Bxg7 Kxg7 18. hxg6 fxg6 19. O-O-O Bd7 20. Qh6+ Kf6 21.
f4 Ng4 22. e5+ dxe5 23. Ne4+ Kf5 24. Qg5+ Kxe4 25. Bc2+ Ke3 26. f5+ Kf2 27.
Qd2+ Kg3 28. Rh3# 1-0

[Event "Team G15 chess final 2018"]
[Site "Sochi"]
[Date "2018.05.02"]
[Round "2.3"]
[White "Kolinchenko, Sofia"]
[Black "Laukhina, Margarita A"]
[Result "0-1"]
[WhiteElo "1351"]
[BlackElo "1529"]
[PlyCount "72"]
[EventDate "2018.05.01"]

1. e4 c5 2. d4 cxd4 3. c3 dxc3 4. Nxc3 Nc6 5. Bc4 e6 6. Nf3 Bb4 7. O-O Bxc3 8.
bxc3 Qa5 9. Bb2 Nge7 10. Qc2 O-O 11. Rfe1 Qc5 12. Bd3 Ng6 13. Re3 b5 14. Rae1
a5 15. Nd2 Ba6 16. Rg3 Rfc8 17. Nb3 Qb6 18. Qe2 Nce5 19. Qe3 Qxe3 20. Rgxe3 Nf4
21. Bf1 a4 22. Nd4 Nc4 23. Bxc4 Rxc4 24. h3 b4 25. cxb4 Rxb4 26. Bc3 Rc4 27.
Nf3 Rac8 28. Bb2 Rc2 29. Rb1 Rb8 30. Ra3 Rbxb2 31. Rxb2 Rxb2 32. Rxa4 Rb6 33.
Rd4 Ne2+ 34. Kh2 Nxd4 35. Nxd4 Rb2 36. Kg3 Rxa2 0-1

[Event "Team G15 chess final 2018"]
[Site "Sochi"]
[Date "2018.05.02"]
[Round "2.4"]
[White "Gurova, Tatiana"]
[Black "Kir, Polina"]
[Result "1/2-1/2"]
[WhiteElo "1368"]
[BlackElo "1357"]
[PlyCount "108"]
[EventDate "2018.05.01"]

1. b4 d5 2. Bb2 c6 3. e3 Bf5 4. c4 e6 5. Nf3 h6 6. a3 Nf6 7. c5 Be7 8. d4 b6 9.
Nbd2 a5 10. Be2 axb4 11. axb4 Rxa1 12. Qxa1 bxc5 13. bxc5 Nbd7 14. O-O O-O 15.
Qa6 Qb8 16. Bc3 Rc8 17. Ra1 Bg4 18. Qa7 Ne4 19. Qxd7 Rc7 20. Ra8 Qxa8 21. Qxc7
Nxc3 22. Bd3 Qa1+ 23. Nf1 Qd1 24. N3d2 Be2 25. Bxe2 Nxe2+ 26. Kh1 Bh4 27. g3
Bg5 28. Kg2 Qa4 29. Qc8+ Kh7 30. Qe8 Kg6 31. Nf3 Bf6 32. h4 h5 33. Ng5 Bxg5 34.
hxg5 Qc2 35. Nh2 Qe4+ 36. Nf3 h4 37. Qh8 hxg3 38. Qh4 Qxh4 39. Nxh4+ Kxg5 40.
Nf3+ Kg4 41. Ne5+ Kh4 42. Nxc6 gxf2 43. Kxf2 Nc3 44. Na7 Ne4+ 45. Kg2 g5 46. c6
Nd6 47. c7 Kg4 48. Nc6 f6 49. Nd8 Kf5 50. Kg3 Ne4+ 51. Kg2 Nd6 52. Kf3 Nc8 53.
Nf7 Kg6 54. Nd8 Kf5 1/2-1/2

[Event "Team G15 chess final 2018"]
[Site "Sochi"]
[Date "2018.05.04"]
[Round "3.1"]
[White "Murzina, Agata"]
[Black "Zelenskaya, Anastasiya"]
[Result "0-1"]
[WhiteElo "1765"]
[BlackElo "1581"]
[PlyCount "85"]
[EventDate "2018.05.01"]

1. e4 c5 2. Nc3 e6 3. g3 Nf6 4. Bg2 d5 5. d3 Be7 6. f4 dxe4 7. dxe4 Qxd1+ 8.
Nxd1 Nc6 9. Ne2 O-O 10. O-O Rd8 11. b3 e5 12. f5 Nd4 13. Nxd4 cxd4 14. c3 Bc5
15. Kh1 Bd7 16. Bg5 Bc6 17. Bxf6 gxf6 18. b4 Be7 19. a3 a5 20. Rb1 axb4 21.
axb4 Bb5 22. Rg1 Ra3 23. cxd4 Rxd4 24. Nf2 Rxb4 25. Rxb4 Bxb4 26. Rb1 Bc5 27.
Ng4 Bd3 28. Rc1 Kg7 29. h4 Bd4 30. h5 h6 31. Bf3 b5 32. Rc6 b4 33. Nxf6 b3 34.
Nd7 f6 35. Rc7 Ra7 36. Nc5+ Rxc7 37. Nxd3 Rc3 38. Be2 Rc2 39. Bd1 Rc1 40. Nxc1
b2 41. Ne2 b1=Q 42. Nf4 Qxd1+ 43. Kh2 0-1

[Event "Team G15 chess final 2018"]
[Site "Sochi"]
[Date "2018.05.04"]
[Round "3.2"]
[White "Tokmakova, Ulyana"]
[Black "Akulova, Taisiya"]
[Result "0-1"]
[WhiteElo "1627"]
[BlackElo "1719"]
[PlyCount "138"]
[EventDate "2018.05.01"]

1. Nf3 d5 2. b3 Bg4 3. Ne5 Bh5 4. d4 f6 5. Nd3 Nc6 6. Bb2 Bg6 7. e3 Bxd3 8.
Bxd3 Nh6 9. f4 Qd7 10. O-O O-O-O 11. Nd2 e5 12. Bb5 Nf5 13. Qf3 Nh4 14. Qf2 g5
15. dxe5 Bc5 16. Bd4 Bxd4 17. exd4 fxe5 18. fxe5 a6 19. Bxc6 Qxc6 20. Nf3 Rhf8
21. Qd2 Nxf3+ 22. Rxf3 Rxf3 23. gxf3 Qe6 24. Kh1 h6 25. Qd3 Rf8 26. Rf1 Qh3 27.
Qe2 Kd7 28. Qg2 Qh4 29. Qf2 Qxf2 30. Rxf2 Rf4 31. c3 c5 32. dxc5 Rf5 33. Kg2
Rxe5 34. Rc2 Kc6 35. b4 Kb5 36. Kf2 Kc4 37. a4 Kd3 38. Ra2 Kxc3 39. b5 d4 40.
c6 bxc6 41. bxc6 Rc5 42. Ra1 Kb4 43. Rd1 Kxa4 44. Rxd4+ Kb5 45. f4 Kxc6 46.
fxg5 Rxg5 47. Ke3 Kc5 48. Rd8 Rh5 49. Rd2 a5 50. Rf2 Rd5 51. Rf6 h5 52. h4 a4
53. Kf4 a3 54. Rf8 Kb4 55. Rb8+ Rb5 56. Re8 a2 57. Re1 Ka3 58. Re3+ Rb3 59. Re1
Rb1 60. Re3+ Kb4 61. Re4+ Kc5 62. Re5+ Kd6 63. Ra5 a1=Q 64. Rxa1 Rxa1 65. Kg5
Ra5+ 66. Kg6 Ke6 67. Kh6 Kf6 68. Kh7 Ra8 69. Kh6 Rh8# 0-1

[Event "Team G15 chess final 2018"]
[Site "Sochi"]
[Date "2018.05.04"]
[Round "3.3"]
[White "Laukhina, Margarita A"]
[Black "Asatryan, Maria"]
[Result "0-1"]
[WhiteElo "1529"]
[BlackElo "1395"]
[PlyCount "68"]
[EventDate "2018.05.01"]

1. e4 c5 2. Nf3 d6 3. d4 cxd4 4. Nxd4 Nf6 5. Nc3 g6 6. Be3 Bg7 7. f3 O-O 8. Qd2
Nc6 9. O-O-O d5 10. Qe1 Qa5 11. Nb3 Qc7 12. exd5 Na5 13. Nc5 b6 14. Nb5 Qe5 15.
f4 Qh5 16. Nc7 Rb8 17. Be2 Bg4 18. Bxg4 Qxg4 19. N5a6 Rbc8 20. Qb4 Qxg2 21.
Rdg1 Nxd5 22. Rxg2 Nxb4 23. Nxb4 Rxc7 24. Nd5 Rd7 25. Rd2 Bxb2+ 26. Kb1 Nc4 27.
Nf6+ Bxf6 28. Rxd7 Nxe3 29. Rxa7 Rc8 30. Rc1 Rc3 31. Rb7 Nc4 32. Rh1 Na3+ 33.
Kc1 Rxc2+ 34. Kd1 Rxa2 0-1

[Event "Team G15 chess final 2018"]
[Site "Sochi"]
[Date "2018.05.04"]
[Round "3.4"]
[White "Kamaeva, Dzhamilya"]
[Black "Gurova, Tatiana"]
[Result "1-0"]
[WhiteElo "1541"]
[BlackElo "1368"]
[PlyCount "83"]
[EventDate "2018.05.01"]

1. e4 e6 2. d3 d5 3. Nd2 Nf6 4. Ngf3 c5 5. g3 Nc6 6. Bg2 b5 7. O-O d4 8. a4
bxa4 9. Rxa4 e5 10. Nc4 Bg4 11. h3 Bh5 12. Qe1 Bxf3 13. Bxf3 Qd7 14. Bg2 Nb4
15. Rxb4 cxb4 16. Nxe5 Qe6 17. Nc4 Rd8 18. f4 Be7 19. f5 Qa6 20. e5 Nd7 21.
Nd6+ Kf8 22. Nc4 Qb5 23. Qe2 Re8 24. f6 Bxf6 25. Qh5 Nxe5 26. Nd6 Qd7 27. Nxe8
Qxe8 28. g4 g6 29. Qh6+ Bg7 30. Qf4 Qd7 31. Bd2 a5 32. Qe4 Qd8 33. Bf4 Nd7 34.
Qd5 Bf6 35. Bd6+ Kg7 36. g5 Bxg5 37. Rxf7+ Kh6 38. Qxd4 Qe8 39. Qg7+ Kh5 40.
Bf3+ Kh4 41. Qd4+ Kxh3 42. Qg4# 1-0

[Event "Team G15 chess final 2018"]
[Site "Sochi"]
[Date "2018.05.04"]
[Round "3.1"]
[White "Surovtseva, Alisa"]
[Black "Mikheeva, Galina"]
[Result "0-1"]
[WhiteElo "1688"]
[BlackElo "1744"]
[PlyCount "52"]
[EventDate "2018.05.01"]

1. e4 e5 2. Nf3 Nc6 3. Bb5 Nd4 4. Nxd4 exd4 5. Bc4 h5 6. d3 Bc5 7. h3 c6 8. Qf3
Qf6 9. Qxf6 Nxf6 10. a3 d5 11. exd5 cxd5 12. Bb5+ Bd7 13. Bxd7+ Kxd7 14. O-O
Rac8 15. Bf4 Rhe8 16. Nd2 Bb6 17. Nf3 Re2 18. Be5 Rexc2 19. Nxd4 Rxb2 20. Nf5
Re2 21. Rae1 Bxf2+ 22. Rxf2 Rxe1+ 23. Kh2 Rxe5 24. Nxg7 Ke7 25. Nf5+ Rxf5 26.
Rxf5 Rc3 0-1

[Event "Team G15 chess final 2018"]
[Site "Sochi"]
[Date "2018.05.04"]
[Round "3.2"]
[White "Bronnikova, Ekaterina"]
[Black "Patokova, Viktoriya"]
[Result "0-1"]
[WhiteElo "1348"]
[BlackElo "1495"]
[PlyCount "142"]
[EventDate "2018.05.01"]

1. e4 e5 2. Nf3 Nc6 3. Bb5 a6 4. Bxc6 dxc6 5. d4 exd4 6. Qxd4 Qxd4 7. Nxd4 c5
8. Ne2 Bd6 9. Nbc3 Be6 10. Bf4 f6 11. O-O-O O-O-O 12. f3 Ne7 13. Bg3 Nc6 14.
Bf2 b6 15. Bg3 Ne5 16. Nf4 Bf7 17. Nfd5 Rhe8 18. Ne3 c4 19. Nf5 Bf8 20. Rxd8+
Rxd8 21. Rd1 Rxd1+ 22. Kxd1 g6 23. Ne3 c6 24. Na4 Kb7 25. Ke2 Be6 26. Nd1 Bg7
27. Bf2 Nd7 28. Kd2 f5 29. exf5 Bxf5 30. Ne3 Be6 31. Nc3 Nc5 32. Nf1 Bxc3+ 33.
bxc3 Nd7 34. Ng3 c5 35. Ne4 Kc6 36. Ng5 Bg8 37. Nh3 a5 38. Nf4 a4 39. Ke2 b5
40. a3 Nf6 41. Bh4 Nd5 42. Nxd5 Bxd5 43. Be1 Kd6 44. Ke3 Be6 45. Kf4 Bf5 46.
Kg5 Bxc2 47. Kh6 Kd5 48. Kg5 b4 49. cxb4 cxb4 50. Bxb4 h5 51. Kf4 Kd4 52. Bd2
c3 53. Bc1 Kd3 54. Ke5 Bb1 55. Kd5 Kc2 56. Bg5 Ba2+ 57. Ke4 Kb1 58. Kd3 c2 59.
Kc3 c1=Q+ 60. Bxc1 Kxc1 61. h4 Be6 62. Kb4 Bd7 63. Kc3 Kd1 64. Kd3 Bf5+ 65. Kc3
Ke2 66. Kd4 Kf2 67. Ke5 Kxg2 68. Kf4 Kh3 69. Kg5 Kg3 70. f4 Kh3 71. Kf6 Kxh4
0-1

[Event "Team G15 chess final 2018"]
[Site "Sochi"]
[Date "2018.05.04"]
[Round "3.3"]
[White "Sautina, Elizaveta"]
[Black "Kolinchenko, Sofia"]
[Result "1-0"]
[WhiteElo "1137"]
[BlackElo "1351"]
[PlyCount "149"]
[EventDate "2018.05.01"]

1. d4 Nf6 2. Bf4 d6 3. Nf3 Nbd7 4. h3 g6 5. e3 Bg7 6. Be2 O-O 7. O-O c6 8. c4
Re8 9. Bh2 b6 10. Nc3 Bb7 11. Qc2 e5 12. dxe5 dxe5 13. Rfd1 Qe7 14. Rd2 Rad8
15. Rad1 c5 16. e4 Bh6 17. Rd3 Nxe4 18. Nxe5 Nxe5 19. Rxd8 Rxd8 20. Rxd8+ Qxd8
21. Bxe5 Nxc3 22. Qxc3 Qg5 23. Bg3 Qc1+ 24. Qxc1 Bxc1 25. b3 Bc6 26. Bb8 a6 27.
Ba7 Ba3 28. Bxb6 Bb4 29. Bd3 Kg7 30. f3 Kf6 31. Kf2 Ke5 32. Ke3 f5 33. Bc7+ Kf6
34. Bg3 Bb7 35. Ke2 Bc6 36. Bf2 Bb7 37. Be3 Bc6 38. Kf2 Bb7 39. Kg3 Be1+ 40.
Kh2 Bb4 41. Kg1 Bc6 42. Bc1 Ke5 43. Bb2+ Kd6 44. Kf2 Bb7 45. g4 fxg4 46. hxg4
Ke6 47. f4 Kf7 48. Ke3 Ke6 49. f5+ gxf5 50. Bxf5+ Kf7 51. Bxh7 Bc8 52. Bf5 Bxf5
53. gxf5 Ke7 54. Ke4 Kf7 55. Kd5 Ke7 56. a3 Be1 57. Kxc5 Bf2+ 58. Kc6 Be1 59.
b4 a5 60. Kb5 axb4 61. axb4 Kf7 62. Kc5 Bf2+ 63. Kc6 Bg3 64. b5 Bb8 65. b6 Ke7
66. Kb7 Bd6 67. Bd4 Kd7 68. c5 Bg3 69. c6+ Kd8 70. c7+ Bxc7 71. bxc7+ Kd7 72.
c8=Q+ Ke7 73. Qe6+ Kf8 74. Qd7 Kg8 75. Qg7# 1-0

[Event "Team G15 chess final 2018"]
[Site "Sochi"]
[Date "2018.05.04"]
[Round "3.4"]
[White "Glushkova, Milana"]
[Black "Dolinskaya, Mariia"]
[Result "1-0"]
[WhiteElo "1262"]
[BlackElo "1257"]
[PlyCount "99"]
[EventDate "2018.05.01"]

1. e4 c5 2. Nf3 Nc6 3. d4 cxd4 4. Nxd4 g6 5. c4 Bg7 6. Be3 Nf6 7. Nc3 O-O 8.
Be2 d6 9. O-O Bd7 10. f4 Qc8 11. b3 Ng4 12. Bxg4 Bxg4 13. Qd2 Bd7 14. Nd5 Qd8
15. Rac1 e6 16. Nc3 Qe7 17. Ndb5 Rfd8 18. Qxd6 Qxd6 19. Nxd6 b6 20. Ndb5 Bc8
21. Rfd1 Bb7 22. e5 f6 23. Nc7 Rac8 24. Nxe6 Rxd1+ 25. Rxd1 Re8 26. Nxg7 Kxg7
27. exf6+ Kxf6 28. Nd5+ Kf5 29. h3 h5 30. g4+ hxg4 31. hxg4+ Ke4 32. Nf6+ Kxe3
33. Re1+ Kxf4 34. Rxe8 Nb4 35. Re7 Bf3 36. Rxa7 Kg5 37. Kf2 Bd1 38. Nd5 Nd3+
39. Ke3 Nc5 40. Nxb6 Kxg4 41. b4 Ne6 42. c5 Bf3 43. b5 Nxc5 44. Nd7 Ne6 45.
Ne5+ Kf5 46. Nxf3 Nc5 47. b6 g5 48. Nxg5 Kxg5 49. Ra5 Kf6 50. Rxc5 1-0

[Event "Team G15 chess final 2018"]
[Site "Sochi"]
[Date "2018.05.04"]
[Round "3.1"]
[White "Nur-Mukhametova, Alisa"]
[Black "Romanenkova, Ekaterina"]
[Result "1-0"]
[WhiteElo "1791"]
[BlackElo "1124"]
[PlyCount "65"]
[EventDate "2018.05.01"]

1. e4 e5 2. Nf3 Nc6 3. Bb5 d6 4. d4 exd4 5. Nxd4 Bd7 6. O-O Nxd4 7. Bxd7+ Qxd7
8. Qxd4 Nf6 9. Nc3 Be7 10. Bf4 O-O 11. h3 Qe6 12. Rfe1 c5 13. Qd3 a6 14. a4 Nh5
15. Bh2 Nf6 16. Rad1 Rad8 17. a5 Rd7 18. f4 Bd8 19. f5 Qe7 20. Bxd6 Qe8 21. Qg3
Be7 22. Bxe7 Rxd1 23. Rxd1 Qxe7 24. e5 Nd7 25. f6 Nxf6 26. exf6 Qxf6 27. Nd5
Qxb2 28. Ne7+ Kh8 29. Qd6 Re8 30. Qd7 Rf8 31. Qd8 h6 32. Qxf8+ Kh7 33. Qg8# 1-0

[Event "Team G15 chess final 2018"]
[Site "Sochi"]
[Date "2018.05.04"]
[Round "3.2"]
[White "Potatueva, Violetta"]
[Black "Zvereva, Margarita"]
[Result "0-1"]
[WhiteElo "1140"]
[BlackElo "1772"]
[PlyCount "96"]
[EventDate "2018.05.01"]

1. d4 d5 2. Nf3 Nf6 3. e3 e6 4. Bd3 Be7 5. O-O O-O 6. b3 Nbd7 7. Bb2 b6 8. Nbd2
Bb7 9. Ne5 c5 10. c4 cxd4 11. exd4 dxc4 12. Ndxc4 b5 13. Ne3 a6 14. N3g4 Nxg4
15. Qxg4 Nxe5 16. Bxh7+ Kxh7 17. Qh5+ Kg8 18. Qxe5 Qd5 19. Qg3 Qg5 20. Qh3 Qh4
21. Qc3 Rac8 22. Qe3 Bd6 23. h3 Qe4 24. Qg5 Be7 25. Qg4 Qxg4 26. hxg4 Rfd8 27.
Rfd1 Bf6 28. f3 Rd7 29. Rd3 Rcd8 30. Rad1 e5 31. a3 exd4 32. a4 bxa4 33. bxa4
Bc6 34. a5 Bb5 35. R3d2 Bg5 36. Rxd4 Be3+ 37. Kh2 Bxd4 38. Bxd4 Rxd4 39. Rb1
Ra4 40. Rc1 Rxa5 41. Kh3 Ra2 42. Rc5 Rdd2 43. Rc8+ Kh7 44. Rc7 Rxg2 45. Rxf7
Rg1 46. f4 Kg6 47. Re7 Bf1+ 48. Kh4 Rh2# 0-1

[Event "Team G15 chess final 2018"]
[Site "Sochi"]
[Date "2018.05.04"]
[Round "3.1"]
[White "Mikhailova, Yuliya"]
[Black "Kirchei, Viktoriia"]
[Result "1-0"]
[WhiteElo "1959"]
[BlackElo "2049"]
[PlyCount "73"]
[EventDate "2018.05.01"]
[BlackTeam "СШ "]

1. d4 d6 2. Bf4 g6 3. e3 Bg7 4. Nf3 Nf6 5. Be2 O-O 6. O-O Nbd7 7. c4 Re8 8. Nc3
h6 9. h3 Nh7 10. Qc2 e5 11. dxe5 dxe5 12. Bg3 c6 13. Rad1 f5 14. c5 Qe7 15. b4
Ng5 16. Rd6 Kh7 17. Rfd1 Nf8 18. Nxg5+ Qxg5 19. h4 Qe7 20. Bc4 Bf6 21. Qb3 Ne6
22. f3 b5 23. cxb6 axb6 24. Rxc6 f4 25. Nd5 Qf7 26. Nxf6+ Qxf6 27. Bf2 b5 28.
Bxb5 fxe3 29. Bxe3 Qxh4 30. Rc4 Nd4 31. Bxd4 Be6 32. Bxe8 Kg8 33. Bd7 Bf7 34.
Qc2 Kh7 35. Rc8 Rxa2 36. Bxe5 Bg8 37. Qxa2 1-0

[Event "Team G15 chess final 2018"]
[Site "Sochi"]
[Date "2018.05.04"]
[Round "3.2"]
[White "Girshgorn, Maria"]
[Black "Baisheva, Nyurguiaana"]
[Result "1-0"]
[WhiteElo "1911"]
[BlackElo "1778"]
[PlyCount "101"]
[EventDate "2018.05.01"]
[WhiteTeam "СШ "]

1. Nf3 Nf6 2. g3 e6 3. Bg2 Be7 4. O-O O-O 5. d4 d5 6. c4 b6 7. Ne5 Bb7 8. Nd2
Nbd7 9. Ndf3 c5 10. Bf4 Ne4 11. Nxd7 Qxd7 12. Ne5 Qd8 13. a4 f6 14. Nf3 dxc4
15. Qc2 Bd5 16. Rad1 Bd6 17. Bxd6 Qxd6 18. Ne1 Ng5 19. e4 Bb7 20. f4 Nf7 21. e5
Qc7 22. Qxc4 Bxg2 23. Nxg2 Rfe8 24. b4 Rac8 25. bxc5 bxc5 26. exf6 gxf6 27. Rc1
Nd6 28. Qxc5 Qd7 29. Qb4 Nf5 30. Rxc8 Rxc8 31. Rd1 Rd8 32. Kh1 Qd5 33. Qc3 Nxd4
34. a5 Qc6 35. Qe3 Qd5 36. a6 Kf7 37. h4 Ke7 38. Rb1 Rd7 39. Rb7 Qc4 40. Qa3+
Ke8 41. Rb8+ Rd8 42. Rxd8+ Kxd8 43. Qa1 Qd5 44. Qb1 Qb3 45. Qe1 Qd5 46. Qd1 Kd7
47. Qb1 f5 48. Qb8 Qb3 49. Qxa7+ Kc8 50. Qxd4 Qb1+ 51. Kh2 1-0

[Event "Team G15 chess final 2018"]
[Site "Sochi"]
[Date "2018.05.04"]
[Round "3.3"]
[White "Izbekova, Evdokia"]
[Black "Vyrtosu, Natalia"]
[Result "1/2-1/2"]
[WhiteElo "1690"]
[BlackElo "1924"]
[PlyCount "74"]
[EventDate "2018.05.01"]
[BlackTeam "СШ "]

1. e4 e6 2. d4 d5 3. Nc3 dxe4 4. Nxe4 Nf6 5. Bg5 Be7 6. Bd3 Nxe4 7. Bxe7 Nxf2
8. Bxd8 Nxd1 9. Bxc7 Nxb2 10. Be4 Nc6 11. Ne2 Nc4 12. Bf4 Bd7 13. Rb1 Nb6 14.
Nc3 O-O 15. Nb5 f5 16. Bf3 Nd5 17. Bd6 Rf6 18. c4 Nb6 19. c5 Nc4 20. Nc7 Rb8
21. Na6 Rd8 22. Bxc6 Nxd6 23. Bxb7 Nxb7 24. Rxb7 e5 25. Rxa7 exd4 26. Nb4 Bb5
27. Kd1 d3 28. Re1 Rg6 29. g3 Rg4 30. Ree7 Rxb4 31. Rxg7+ Kf8 32. Rgf7+ Kg8 33.
Rg7+ Kf8 34. Rgf7+ Kg8 35. Rg7+ Kf8 36. Rgf7+ Kg8 37. Rg7+ Kf8 1/2-1/2

[Event "Team G15 chess final 2018"]
[Site "Sochi"]
[Date "2018.05.04"]
[Round "3.4"]
[White "Bondareva, Daria"]
[Black "Moiseeva, Olesya"]
[Result "1/2-1/2"]
[WhiteElo "1886"]
[BlackElo "1753"]
[PlyCount "87"]
[EventDate "2018.05.01"]
[WhiteTeam "СШ "]

1. e4 e6 2. d4 d5 3. Nd2 c5 4. dxc5 Bxc5 5. Bd3 Ne7 6. Ngf3 Nbc6 7. c3 O-O 8.
O-O b6 9. Qe2 a5 10. a4 Bb7 11. Nb3 Qc7 12. Nxc5 bxc5 13. exd5 exd5 14. Ng5 h6
15. Nf3 Rfe8 16. Be3 Qb6 17. Qd2 Ba6 18. Rfb1 Red8 19. Bc2 Ng6 20. Bxg6 fxg6
21. Qc2 d4 22. Bf4 d3 23. Qd2 Bc4 24. b3 Bf7 25. Be3 Rab8 26. Qc1 Qa6 27. Qa3
c4 28. b4 Qb7 29. b5 Ne7 30. Nd4 Re8 31. Re1 Ra8 32. Qc1 Qd5 33. Qd2 Nf5 34.
Nxf5 Qxf5 35. f3 Qd7 36. Qf2 Bd5 37. Bd2 Qc7 38. Re3 Rxe3 39. Qxe3 Bf7 40. Re1
Re8 41. Qf2 Rxe1+ 42. Bxe1 Qe5 43. h3 Be6 44. Kf1 1/2-1/2

[Event "Team G15 chess final 2018"]
[Site "Sochi"]
[Date "2018.05.05"]
[Round "4.1"]
[White "Zelenskaya, Anastasiya"]
[Black "Kirchei, Viktoriia"]
[Result "0-1"]
[WhiteElo "1581"]
[BlackElo "2049"]
[PlyCount "90"]
[EventDate "2018.05.01"]
[BlackTeam "СШ "]

1. e4 g6 2. d4 Bg7 3. Nc3 a6 4. Nf3 d6 5. Bg5 b5 6. a4 b4 7. Nd5 Bb7 8. Bc4 h6
9. Bh4 g5 10. Bg3 e6 11. Nxb4 a5 12. Na2 Bxe4 13. Qe2 Nf6 14. Nc3 Bb7 15. d5 g4
16. Nh4 O-O 17. dxe6 Nc6 18. O-O-O d5 19. Rhe1 Ne7 20. Nb5 Rc8 21. Ba2 Ba6 22.
Rd3 Bxb5 23. axb5 c6 24. Re3 Ne4 25. f3 Nxg3 26. hxg3 f5 27. fxg4 cxb5 28. Nxf5
Nxf5 29. gxf5 Qf6 30. c3 Qe7 31. Bxd5 b4 32. c4 Rxf5 33. Rd1 a4 34. Qc2 Qg5 35.
Kb1 Rxd5 36. Ree1 Rxd1+ 37. Qxd1 Qg6+ 38. Ka1 Qf6 39. Re2 b3 40. Kb1 Rd8 41.
Qe1 Qd4 42. Kc1 Qxc4+ 43. Kb1 Qd3+ 44. Kc1 Rc8+ 45. Rc2 Qxc2# 0-1

[Event "Team G15 chess final 2018"]
[Site "Sochi"]
[Date "2018.05.05"]
[Round "4.2"]
[White "Girshgorn, Maria"]
[Black "Tokmakova, Ulyana"]
[Result "1-0"]
[WhiteElo "1911"]
[BlackElo "1627"]
[PlyCount "115"]
[EventDate "2018.05.01"]
[WhiteTeam "СШ "]

1. d4 Nf6 2. Nf3 b6 3. g3 e6 4. Bg2 c6 5. O-O d5 6. c4 Be7 7. Nbd2 O-O 8. Ne5
Nfd7 9. Ndf3 Nxe5 10. Nxe5 f6 11. Nf3 Bb7 12. Qb3 Kh8 13. Re1 c5 14. cxd5 Bxd5
15. Qd3 Bb7 16. Ng5 fxg5 17. Bxb7 Nd7 18. Bxa8 Qxa8 19. Be3 cxd4 20. Bxd4 e5
21. Be3 Nc5 22. Bxc5 Bxc5 23. e3 g4 24. Rad1 Qf3 25. Qe2 Qe4 26. a3 Be7 27. Rd7
Bg5 28. Rc1 h5 29. Rdc7 Qf5 30. Qc2 Qf3 31. Rc8 Rxc8 32. Qxc8+ Kh7 33. Qc2+ Kh6
34. Qc6+ Qxc6 35. Rxc6+ Kh7 36. Rc7 a5 37. Rb7 Bd8 38. Rd7 Bf6 39. Rd6 b5 40.
Rb6 b4 41. axb4 axb4 42. Rxb4 Kg8 43. Rb7 Kf8 44. b4 Ke8 45. Rc7 Kd8 46. Rc4
Be7 47. b5 Bd6 48. b6 Kd7 49. Kf1 Kd8 50. Ke2 Kd7 51. Kd3 Ke7 52. b7 Kf7 53.
Rc6 Bb8 54. Rc8 Bd6 55. b8=Q Bxb8 56. Rxb8 Kg6 57. Ke4 Kh7 58. Kxe5 1-0

[Event "Team G15 chess final 2018"]
[Site "Sochi"]
[Date "2018.05.05"]
[Round "4.3"]
[White "Asatryan, Maria"]
[Black "Bondareva, Daria"]
[Result "0-1"]
[WhiteElo "1395"]
[BlackElo "1886"]
[PlyCount "110"]
[EventDate "2018.05.01"]
[BlackTeam "СШ "]

1. d4 Nf6 2. Nf3 b6 3. c4 e6 4. g3 Bb7 5. Bg2 Bb4+ 6. Bd2 a5 7. O-O O-O 8. a3
Bxd2 9. Nbxd2 d6 10. Qc2 Nbd7 11. b4 Qe7 12. Rfc1 c5 13. dxc5 bxc5 14. bxc5
Nxc5 15. Nb3 Be4 16. Qc3 Nxb3 17. Qxb3 Nd7 18. Qe3 Nc5 19. Rd1 Rac8 20. Rd4 Bc6
21. Rad1 Ba4 22. Rb1 Rb8 23. Rxb8 Rxb8 24. Nd2 Qc7 25. f4 Qb6 26. Ne4 Nxe4 27.
Rxe4 Qxe3+ 28. Rxe3 Kf8 29. Kf2 Rc8 30. Rc3 d5 31. c5 Bc6 32. Bf3 Rb8 33. Ke3
Rb1 34. Kd3 Ke7 35. Kc2 Rb8 36. Kd3 Kd7 37. Kd4 Rb1 38. Kd3 Rb2 39. Ke3 Bb5 40.
h4 Kc6 41. g4 a4 42. h5 f6 43. g5 fxg5 44. fxg5 e5 45. Kf2 Rb3 46. Re3 Rxe3 47.
Kxe3 Kxc5 48. Kd2 Bd7 49. e3 Kc4 50. Bd1 h6 51. gxh6 gxh6 52. Bc2 d4 53. e4 Be8
54. Bd1 d3 55. Ke3 Kc3 0-1

[Event "Team G15 chess final 2018"]
[Site "Sochi"]
[Date "2018.05.05"]
[Round "4.4"]
[White "Kasaeva, Sofiia"]
[Black "Kamaeva, Dzhamilya"]
[Result "0-1"]
[WhiteElo "1692"]
[BlackElo "1541"]
[PlyCount "76"]
[EventDate "2018.05.01"]
[WhiteTeam "СШ "]

1. e4 e5 2. Nf3 Nc6 3. Bc4 Nf6 4. d4 Nxe4 5. dxe5 Nc5 6. O-O Be7 7. Nc3 O-O 8.
Nd5 h6 9. Bf4 Ne6 10. Bg3 Bc5 11. c3 a5 12. Qe2 d6 13. Rad1 Re8 14. Bh4 Ng5 15.
Bxg5 hxg5 16. h3 Nxe5 17. Nxe5 Rxe5 18. Qd2 c6 19. Ne3 Be6 20. Bxe6 Rxe6 21.
Nf5 Qf6 22. Ng3 Rae8 23. a3 a4 24. Qc2 b5 25. Rd2 d5 26. Rd3 Qg6 27. Qd2 f5 28.
Nh1 Re2 29. Qc1 f4 30. Rd2 Qe4 31. Rxe2 Qxe2 32. g3 Qf3 33. gxf4 Qxh3 34. Re1
Rf8 35. fxg5 Bxf2+ 36. Nxf2 Qg3+ 37. Kh1 Rxf2 38. Re8+ Kf7 0-1